<?xml version="1.0" encoding="UTF-8"?>
<record
    xmlns:xsi="http://www.w3.org/2001/XMLSchema-instance"
    xsi:schemaLocation="http://www.loc.gov/MARC21/slim http://www.loc.gov/standards/marcxml/schema/MARC21slim.xsd"
    xmlns="http://www.loc.gov/MARC21/slim">

  <leader>00903nam a22001937a 4500</leader>
  <datafield tag="999" ind1=" " ind2=" ">
    <subfield code="c">61997</subfield>
    <subfield code="d">61997</subfield>
  </datafield>
  <controlfield tag="003">Ge_BSU</controlfield>
  <controlfield tag="005">20240619171735.0</controlfield>
  <controlfield tag="008">240619s1955    ge ||||| |||| 00| 0 geo d</controlfield>
  <datafield tag="041" ind1=" " ind2=" ">
    <subfield code="a">geo</subfield>
  </datafield>
  <datafield tag="080" ind1=" " ind2=" ">
    <subfield code="a">615.838(479.22-25) &#x10DC;-78</subfield>
  </datafield>
  <datafield tag="100" ind1=" " ind2=" ">
    <subfield code="a">&#x10DC;&#x10DD;&#x10D3;&#x10D8;&#x10D0;, &#x10DB;.</subfield>
    <subfield code="9">22473</subfield>
  </datafield>
  <datafield tag="245" ind1=" " ind2=" ">
    <subfield code="a">&#x10D7;&#x10D1;&#x10D8;&#x10DA;&#x10D8;&#x10E1;&#x10D8;&#x10E1; &#x10D9;&#x10E3;&#x10E0;&#x10DD;&#x10E0;&#x10E2;&#x10D4;&#x10D1;&#x10D8; &#x10D3;&#x10D0; &#x10E1;&#x10D0;&#x10D0;&#x10D2;&#x10D0;&#x10E0;&#x10D0;&#x10D9;&#x10DD; &#x10D0;&#x10D3;&#x10D2;&#x10D8;&#x10DA;&#x10D4;&#x10D1;&#x10D8; /</subfield>
    <subfield code="c">&#x10DB;. &#x10DC;&#x10DD;&#x10D3;&#x10D8;&#x10D0;; &#x10E0;&#x10D4;&#x10D3;. &#x10E1;. &#x10E1;&#x10D0;&#x10E7;&#x10D5;&#x10D0;&#x10E0;&#x10D4;&#x10DA;&#x10D8;&#x10EB;&#x10D4;.</subfield>
  </datafield>
  <datafield tag="264" ind1=" " ind2=" ">
    <subfield code="a">&#x10D7;&#x10D1;&#x10D8;&#x10DA;&#x10D8;&#x10E1;&#x10D8; :</subfield>
    <subfield code="b"> &#x10E1;&#x10D0;&#x10E5;&#x10DB;&#x10D4;&#x10D3;&#x10D2;&#x10D0;&#x10DB;&#x10D8;, </subfield>
    <subfield code="c">1955.</subfield>
  </datafield>
  <datafield tag="300" ind1=" " ind2=" ">
    <subfield code="a">96 &#x10D2;&#x10D5;. :  </subfield>
    <subfield code="b">16 &#x10E4;. &#x10D8;&#x10DA;.</subfield>
    <subfield code="c">21&#x10E1;&#x10DB;.</subfield>
  </datafield>
  <datafield tag="653" ind1=" " ind2=" ">
    <subfield code="a">	&#x10D9;&#x10E3;&#x10E0;&#x10DD;&#x10E0;&#x10E2;&#x10D4;&#x10D1;&#x10D8; &#x10D7;&#x10D1;&#x10D8;&#x10DA;&#x10D8;&#x10E1;&#x10E8;&#x10D8;</subfield>
  </datafield>
  <datafield tag="653" ind1=" " ind2=" ">
    <subfield code="a">	&#x10E1;&#x10D0;&#x10D0;&#x10D2;&#x10D0;&#x10E0;&#x10D0;&#x10D9;&#x10DD; &#x10D0;&#x10D3;&#x10D2;&#x10D8;&#x10DA;&#x10D4;&#x10D1;&#x10D8; &#x10D7;&#x10D1;&#x10D8;&#x10DA;&#x10D8;&#x10E1;&#x10E8;&#x10D8;</subfield>
  </datafield>
  <datafield tag="700" ind1=" " ind2=" ">
    <subfield code="a">&#x10E1;&#x10D0;&#x10E7;&#x10D5;&#x10D0;&#x10E0;&#x10D4;&#x10DA;&#x10D8;&#x10EB;&#x10D4;, &#x10E1;.</subfield>
    <subfield code="e">&#x10E0;&#x10D4;&#x10D3;&#x10D0;&#x10E5;&#x10E2;&#x10DD;&#x10E0;&#x10D8;</subfield>
    <subfield code="9">22508</subfield>
  </datafield>
  <datafield tag="942" ind1=" " ind2=" ">
    <subfield code="2">udc</subfield>
    <subfield code="c">&#x1CAC;&#x1C98;&#x1C92;&#x1C9C;&#x1C98;</subfield>
  </datafield>
  <datafield tag="952" ind1=" " ind2=" ">
    <subfield code="0">0</subfield>
    <subfield code="1">0</subfield>
    <subfield code="2">udc</subfield>
    <subfield code="4">0</subfield>
    <subfield code="6">6158384792225_&#x10DC;78</subfield>
    <subfield code="7">0</subfield>
    <subfield code="9">99315</subfield>
    <subfield code="a">CPL</subfield>
    <subfield code="b">CPL</subfield>
    <subfield code="c">GEN</subfield>
    <subfield code="d">2024-06-19</subfield>
    <subfield code="g">1.00</subfield>
    <subfield code="o">615.838(479.22-25) &#x10DC;-78</subfield>
    <subfield code="p">68245</subfield>
    <subfield code="r">2024-06-19</subfield>
    <subfield code="t">68245</subfield>
    <subfield code="w">2024-06-19</subfield>
    <subfield code="y">&#x1CAC;&#x1C98;&#x1C92;&#x1C9C;&#x1C98;</subfield>
    <subfield code="z">1 &#x10DA;.</subfield>
  </datafield>
  <datafield tag="952" ind1=" " ind2=" ">
    <subfield code="0">0</subfield>
    <subfield code="1">0</subfield>
    <subfield code="2">udc</subfield>
    <subfield code="4">0</subfield>
    <subfield code="6">6158384792225_&#x10DC;78</subfield>
    <subfield code="7">0</subfield>
    <subfield code="9">99316</subfield>
    <subfield code="a">CPL</subfield>
    <subfield code="b">CPL</subfield>
    <subfield code="c">GEN</subfield>
    <subfield code="d">2024-06-19</subfield>
    <subfield code="g">1.00</subfield>
    <subfield code="o">615.838(479.22-25) &#x10DC;-78</subfield>
    <subfield code="p">68246</subfield>
    <subfield code="r">2024-06-19</subfield>
    <subfield code="t">68246</subfield>
    <subfield code="w">2024-06-19</subfield>
    <subfield code="y">&#x1CAC;&#x1C98;&#x1C92;&#x1C9C;&#x1C98;</subfield>
    <subfield code="z">1 &#x10DA;.</subfield>
  </datafield>
  <datafield tag="952" ind1=" " ind2=" ">
    <subfield code="0">0</subfield>
    <subfield code="1">0</subfield>
    <subfield code="2">udc</subfield>
    <subfield code="4">0</subfield>
    <subfield code="6">6158384792225_&#x10DC;78</subfield>
    <subfield code="7">0</subfield>
    <subfield code="9">99317</subfield>
    <subfield code="a">CPL</subfield>
    <subfield code="b">CPL</subfield>
    <subfield code="c">GEN</subfield>
    <subfield code="d">2024-06-19</subfield>
    <subfield code="g">1.00</subfield>
    <subfield code="o">615.838(479.22-25) &#x10DC;-78</subfield>
    <subfield code="p">68247</subfield>
    <subfield code="r">2024-06-19</subfield>
    <subfield code="t">68247</subfield>
    <subfield code="w">2024-06-19</subfield>
    <subfield code="y">&#x1CAC;&#x1C98;&#x1C92;&#x1C9C;&#x1C98;</subfield>
    <subfield code="z">1 &#x10DA;.</subfield>
  </datafield>
</record>
